All Menudo members - Statistics

General Stats
  • This quiz has been taken 15 times
    6 since last reset
  • The average score is 39 of 45
Answer Stats
Hint Answer % Correct
1991-97 Abel Talamantez|Talamantez
100%
1990-93 Adrian Olivares|Olivares
100%
1991-97 Alexis Grullon|Grullon
100%
1991-97 Andy Blazquez|Blazquez
100%
1988-90 Angelo Garcia|Garcia
100%
1995-97 Anthony Galindo|Galindo
100%
1991-95 Ashley Ruiz|Ruiz
100%
1977-80 Carlos Melendez|Melendez
100%
1990 Cesat Abreu|Abreu
100%
1982-87 Charlie Masso|Masso
100%
2007-09 Chris Moy|Moy
100%
1997-98 Daniel Rene Weider|Daniel Weider|Weider
100%
1995-97 Didier hernandez|Hernadez
100%
1990-91 Edward Aguilera|Aguilera
100%
1977-80 Fernando Sallaberry|Sallaberry
100%
2007-09 Joe Montanez|Monty Montanez|Montanez
100%
1980-84 Johnny Lozada|Lozada
100%
1990-91 Jonathan Montenegro|Montenegro
100%
1981-83 Miguel Cancel|Cancel
100%
1977-79 Nefty Sallaberry|Sallaberry
100%
1977-81 Oscar Melendez|Melendez
100%
1987 Ralphy Rodriguez|Rodriguez
100%
1989-91 Rawy Torres|Torres
100%
1985-88 Raymond Acevedo|Acevedo
100%
1983-85 Ray Reyes|Reyes
100%
1979-82 Rene Farrait|Farrait
100%
1993-95 Ricky Lopez|Lopez
100%
1984-89 Ricky Martin|Martin
100%
1977-84 Ricky Melendez|Melendez
100%
1984-87 Robby Rosa|Rosa
100%
1988-91 Robert Avellanet|Roberto Avellanet|Avellanet
100%
1983-86 Roy Rossello|Rossello
100%
1987-90 Ruben Gomez|Gomez
100%
1986-90 Sergio Gonzalez|Sergio Blass|Gonzalez|Blass
100%
1980-83 Xavier Serbia|Serbia
100%
2023- Alejandro Querales|Querales
50%
2007-09 Carlito Olivero|Carlitos Olivero|Olivero
50%
2007-09 Emmanuel Pagan|Pagan
50%
2023-24 Ezra Gilmore|Gilmore
50%
2023- Gabriel Rossell|Rossell
50%
2007-09 Jose Bordonaba|Bordonaba
50%
2023-24 Nicolas Calero|Calero
50%
2025- Zaulo Enchautegui|Enchautegui
50%
2023- Andres Pirela|Pirela
0%
2025- Janvier Flores|Flores
0%
No matching quizzes found
Score Distribution
Percent of People with Each Score
Percentile by Number Answered
Your Score History
You have not taken this quiz since the last reset